000 00632nam a2200229Ia 4500
003 OSt
005 20220928125708.0
006 a|||||r|||| 00| 0
007 ta
008 220927b |||||||| |||| 00| 0 eng d
024 _a28080
037 _cTextual
040 _aSDCL
_cSDCL
_beng
041 _2eng
_aeng
082 _aQ2:336, M7
100 _aTripathi Bashishtha Narain
_9471061
245 0 _aIndian view of spiritual bondage.
260 _aVaranasi
_bAradhana Prakashan
_c1987
300 _axviii,462p.
_ccm.
942 _hQ2:336, M7
_cTEXL
_2CC
999 _c783722
_d783722